[Event "POL-chT 2nd League"]
[Site "Jastrzebia Gora"]
[Date "2023.09.05"]
[Round "4.120"]
[White "Szelag, Zuzanna"]
[Black "Pisarek, Elzbieta"]
[Result "1-0"]
[WhiteElo "1783"]
[BlackElo "1779"]
[PlyCount "83"]
[EventDate "2023.09.02"]
[EventType "team-swiss"]
[EventRounds "9"]
[EventCountry "POL"]
[SourceTitle "EXT 2024"]
[Source "ChessBase"]
[SourceDate "2023.10.10"]
[SourceVersion "1"]
[SourceVersionDate "2023.10.10"]
[SourceQuality "1"]
[WhiteTeam "Rzeszow RzKSz"]
[BlackTeam "Gliwice Politechnika Slaska"]
[WhiteTeamCountry "POL"]
[BlackTeamCountry "POL"]

1. e4 c5 2. Nf3 e6 3. d4 cxd4 4. Nxd4 Nf6 5. Nc3 Nc6 6. Ndb5 d6 7. Bf4 e5 8. Bg5 a6 9. Na3 b5 10. Nd5 Be7 11. Bxf6 Bxf6 12. c3 0-0 13. Nc2 Be7 14. a4 Rb8 15. b4 f5 16. exf5 Bxf5 17. Nce3 Bd7 18. Bd3 Bg5 19. 0-0 Bxe3 20. Nxe3 Be6 21. Qh5 h6 22. axb5 axb5 23. Ra6 Ne7 24. Rd1 Bf7 25. Qe2 Qc8 26. Ra7 Nc6 27. Bf5 Qd8 28. Rd7 Qg5 29. R7xd6 Ne7 30. Bc2 Bh5 31. g4 Be8 32. Qd3 g6 33. h3 Qh4 34. Qf1 Rc8 35. c4 Rf3 36. Rd8 Rxd8 37. Rxd8 Kf7 38. Be4 Rxh3 39. cxb5 Kf8 40. b6 Ng8 41. Rxe8+ Kxe8 42. b7 1-0

[Event "POL-chT 2nd League"]
[Site "Jastrzebia Gora"]
[Date "2023.09.04"]
[Round "3.90"]
[White "Pisarek, Elzbieta"]
[Black "Kawa, Anna"]
[Result "1/2-1/2"]
[WhiteElo "1779"]
[BlackElo "1665"]
[PlyCount "119"]
[EventDate "2023.09.02"]
[EventType "team-swiss"]
[EventRounds "9"]
[EventCountry "POL"]
[SourceTitle "EXT 2024"]
[Source "ChessBase"]
[SourceDate "2023.10.10"]
[SourceVersion "1"]
[SourceVersionDate "2023.10.10"]
[SourceQuality "1"]
[WhiteTeam "Gliwice Politechnika Slaska"]
[BlackTeam "Olsztyn Trzydziestka"]
[WhiteTeamCountry "POL"]
[BlackTeamCountry "POL"]

1. e4 c5 2. Nf3 d6 3. Bb5+ Bd7 4. Bxd7+ Nxd7 5. 0-0 Ngf6 6. Re1 e6 7. c3 Be7 8. d4 cxd4 9. cxd4 0-0 10. Nc3 e5 11. d5 a6 12. a4 b6 13. b4 Rc8 14. Bb2 Nh5 15. Na2 Nf4 16. g3 Ng6 17. Qe2 Nb8 18. Rac1 Qd7 19. b5 a5 20. Nd2 Bg5 21. Rxc8 Rxc8 22. Rc1 Rxc1+ 23. Nxc1 Qc8 24. Qc4 Ne7 25. Qxc8+ Nxc8 26. Nc4 Bxc1 27. Bxc1 Kf8 28. Ba3 Ke7 29. Nxe5 f6 30. Nc6+ Nxc6 31. dxc6 Ke6 32. f4 d5 33. f5+ Ke5 34. exd5 Kxd5 35. Kf2 Kc4 36. Bf8 g6 37. g4 Kb3 38. Bg7 Kxa4 39. Bxf6 Kxb5 40. c7 Kc6 41. Be5 gxf5 42. gxf5 a4 43. f6 Kd7 44. Ke2 a3 45. Kd2 a2 46. Kc2 Nd6 47. Kb3 Nf7 48. c8Q+ Kxc8 49. Bd4 Kd7 50. Kxa2 Ke6 51. Bxb6 Kxf6 52. Kb2 Nd6 53. Kc2 Kf5 54. Kd3 Kg4 55. Bc7 Nf5 56. Ke2 Kh3 57. Kf3 Nh6 58. Kf4 Ng4 59. Kg5 Nxh2 60. Bxh2 1/2-1/2

[Event "Krakow Malopolski op"]
[Site "Krakow"]
[Date "2022.06.16"]
[Round "1"]
[White "Czarnecka, Lidia"]
[Black "Pisarek, Elzbieta"]
[Result "1-0"]
[WhiteElo "1940"]
[BlackElo "1782"]
[PlyCount "115"]
[EventDate "2022.06.16"]
[EventType "swiss"]
[EventRounds "7"]
[EventCountry "POL"]
[SourceTitle "EXT 2023"]
[Source "ChessBase"]
[SourceDate "2022.10.05"]
[SourceVersion "1"]
[SourceVersionDate "2022.10.05"]
[SourceQuality "1"]

1. e4 c5 2. Nf3 e6 3. d4 cxd4 4. Nxd4 Nf6 5. Nc3 Nc6 6. Nxc6 bxc6 7. e5 Nd5 8. Ne4 Qc7 9. f4 Qb6 10. c4 Ne3 11. Qd3 Nxf1 12. Rxf1 a5 13. Rf2 Ba6 14. Kf1 Be7 15. Rc2 Rd8 16. Be3 c5 17. Rd1 0-0 18. Nd6 f6 19. Kg1 fxe5 20. fxe5 Qc6 21. Qc3 a4 22. Rcd2 Bb7 23. Qc2 Ba8 24. Rd3 Bh4 25. R3d2 Be7 26. Re2 Bh4 27. Bc1 Be7 28. Rd3 Rb8 29. Rh3 g6 30. Rd3 Rbd8 31. Bh6 Rf5 32. Nxf5 exf5 33. Qd2 Qe6 34. Bg5 Bxg5 35. Qxg5 Re8 36. Qd2 Bc6 37. Qc3 Qe7 38. b3 axb3 39. axb3 Qg5 40. Rg3 Qf4 41. Qe3 Qxe3+ 42. Rgxe3 Kf7 43. Ra2 Be4 44. Ra5 Rc8 45. Re2 Ke6 46. Rd2 Rc7 47. Kf2 Kxe5 48. b4 d6 49. b5 Ke6 50. Ra6 Rd7 51. Ke3 Ke5 52. Ra5 f4+ 53. Kf2 g5 54. g3 h5 55. Ra1 Rf7 56. gxf4+ Rxf4+ 57. Kg1 Ke6 58. Re1 1-0

[Event "POL-ch U18 Girls"]
[Site "Sypniewo"]
[Date "2022.03.27"]
[Round "9"]
[White "Pisarek, Elzbieta"]
[Black "Dylag, Emilia"]
[Result "1-0"]
[WhiteElo "1704"]
[BlackElo "2003"]
[PlyCount "85"]
[EventDate "2022.03.19"]
[EventType "swiss"]
[EventRounds "9"]
[EventCountry "POL"]
[SourceTitle "CBM 207 Extra"]
[Source "ChessBase"]
[SourceDate "2022.05.31"]
[SourceVersion "1"]
[SourceVersionDate "2022.05.31"]
[SourceQuality "1"]

1. e4 e5 2. Nf3 Nc6 3. Bc4 Nf6 4. d4 exd4 5. e5 d5 6. Bb5 Ne4 7. Nxd4 Bd7 8. Bxc6 bxc6 9. 0-0 Bc5 10. Be3 0-0 11. f3 Ng5 12. f4 Ne4 13. Nd2 Nxd2 14. Qxd2 Bb6 15. Nb3 Bf5 16. c3 a5 17. a4 Rb8 18. Bc5 Re8 19. Rae1 Qe7 20. Qf2 Qe6 21. Re3 Qc8 22. h3 Qa6 23. g4 Bd3 24. Rfe1 Bc4 25. Bxb6 Qxb6 26. Nd4 c5 27. Nf5 Qe6 28. Qh4 h6 29. Nxg7 Qe7 30. Qxh6 Qf8 31. Nf5 Qxh6 32. Nxh6+ Kg7 33. Nf5+ Kg8 34. e6 fxe6 35. Rxe6 Rxe6 36. Rxe6 Rxb2 37. Re8+ Kf7 38. Re7+ Kf6 39. Rxc7 Ra2 40. Rxc5 Rxa4 41. Rc6+ Kf7 42. g5 Bd3 43. g6+ 1-0

[Event "POL-ch U18 Girls"]
[Site "Sypniewo"]
[Date "2022.03.24"]
[Round "6"]
[White "Zarebska, Lena"]
[Black "Pisarek, Elzbieta"]
[Result "1-0"]
[WhiteElo "1809"]
[BlackElo "1704"]
[PlyCount "73"]
[EventDate "2022.03.19"]
[EventType "swiss"]
[EventRounds "9"]
[EventCountry "POL"]
[SourceTitle "CBM 207 Extra"]
[Source "ChessBase"]
[SourceDate "2022.05.31"]
[SourceVersion "1"]
[SourceVersionDate "2022.05.31"]
[SourceQuality "1"]

1. e4 b6 2. d4 Bb7 3. Bd3 e6 4. c3 d6 5. Nf3 Nf6 6. Qe2 Nbd7 7. h3 Be7 8. Nbd2 0-0 9. Nf1 c5 10. g4 cxd4 11. cxd4 d5 12. e5 Ne4 13. N1d2 Bb4 14. 0-0 f5 15. gxf5 exf5 16. Kh2 Qe8 17. Rg1 Qh5 18. Nf1 Be7 19. Ng3 Qf7 20. Bh6 Kh8 21. Bxg7+ Qxg7 22. Nxe4 Qxg1+ 23. Rxg1 fxe4 24. Bb5 exf3 25. Qc2 Rac8 26. Qa4 Rg8 27. Bxd7 Rxg1 28. Kxg1 Rc1+ 29. Kh2 Bh4 30. Bf5 Rc7 31. Qe8+ Kg7 32. Qh5 Bd8 33. Qxh7+ Kf8 34. Qh8+ Ke7 35. Qf6+ Ke8 36. Qh8+ Ke7 37. Qg7+ 1-0

[Event "POL-ch U18 Girls"]
[Site "Sypniewo"]
[Date "2022.03.20"]
[Round "2"]
[White "Wikar, Martyna"]
[Black "Pisarek, Elzbieta"]
[Result "1-0"]
[WhiteElo "2160"]
[BlackElo "1704"]
[PlyCount "75"]
[EventDate "2022.03.19"]
[EventType "swiss"]
[EventRounds "9"]
[EventCountry "POL"]
[SourceTitle "CBM 207 Extra"]
[Source "ChessBase"]
[SourceDate "2022.05.31"]
[SourceVersion "1"]
[SourceVersionDate "2022.05.31"]
[SourceQuality "1"]

1. e4 c5 2. Nf3 e6 3. d4 cxd4 4. Nxd4 Nf6 5. Nc3 Nc6 6. Ndb5 Bb4 7. Bf4 Nxe4 8. Qf3 d5 9. 0-0-0 Bxc3 10. Nc7+ Kf8 11. bxc3 Qe7 12. c4 Qb4 13. Nxa8 Qa4 14. Qb3 Qxb3 15. axb3 Nxf2 16. cxd5 exd5 17. Bb5 Nxh1 18. Rxh1 Be6 19. Nc7 Ke7 20. Re1 Kf6 21. Kd2 Rc8 22. Bxc6 bxc6 23. Nxe6 fxe6 24. Be5+ Kf5 25. Bxg7 c5 26. Rf1+ Kg6 27. Be5 Rc6 28. h4 h5 29. Rf6+ Kh7 30. Ke3 a5 31. Kf4 c4 32. Kg5 cxb3 33. cxb3 Rc2 34. g3 Re2 35. Rh6+ Kg8 36. Kf6 Rf2+ 37. Kxe6 Rf3 38. Rh8# 1-0

[Event "Rubinstein Memorial-C 55th"]
[Site "Polanica Zdroj"]
[Date "2019.08.18"]
[Round "2"]
[White "Pisarek, Elzbieta"]
[Black "Majek, Kacper"]
[Result "0-1"]
[WhiteElo "1581"]
[BlackElo "1984"]
[PlyCount "85"]
[EventDate "2019.08.17"]
[EventType "swiss"]
[EventRounds "9"]
[EventCountry "POL"]
[SourceTitle "EXT 2020"]
[Source "ChessBase"]
[SourceDate "2019.10.17"]
[SourceVersion "1"]
[SourceVersionDate "2019.10.17"]
[SourceQuality "1"]

1. e4 e5 2. Nf3 Nc6 3. Nc3 Nf6 4. d4 exd4 5. Nxd4 Bb4 6. Nxc6 bxc6 7. Bd3 d5 8. exd5 0-0 9. 0-0 cxd5 10. h3 c6 11. Qf3 Bd6 12. Bf4 Rb8 13. b3 Be6 14. Ne2 c5 15. Rad1 a5 16. a4 d4 17. Bxd6 Qxd6 18. Nf4 Bd7 19. Rfe1 Bc6 20. Qg3 Rbd8 21. Ne2 Qd5 22. Nf4 Qd7 23. Re5 g6 24. Rxc5 Rfe8 25. Rxa5 Qd6 26. Ra6 Qc5 27. Rc1 Qa3 28. Rd1 Ne4 29. Bxe4 Bxe4 30. Nd3 Qa2 31. Rc1 Rc8 32. Ne1 Rc3 33. Qd6 d3 34. Qd4 Qb2 35. Qe3 dxc2 36. Qd2 Qxb3 37. a5 Rcc8 38. Rb6 Qa3 39. Nxc2 Qa2 40. a6 Rxc2 41. Rxc2 Bxc2 42. Qd7 Re1+ 43. Kh2 0-1

[Event "POL-chT U20 2nd League"]
[Site "Szczyrk"]
[Date "2017.07.26"]
[Round "6.6"]
[White "Furtak, Joanna"]
[Black "Pisarek, Elzbieta"]
[Result "1-0"]
[WhiteElo "1562"]
[BlackElo "1433"]
[PlyCount "85"]
[EventDate "2017.07.22"]
[EventType "team-swiss"]
[EventRounds "11"]
[EventCountry "POL"]
[SourceTitle "EXT 2019"]
[Source "ChessBase"]
[SourceDate "2018.10.10"]
[SourceVersion "1"]
[SourceVersionDate "2018.10.10"]
[SourceQuality "1"]

1. e4 c5 2. Nf3 d6 3. d4 cxd4 4. Nxd4 Nf6 5. Nc3 g6 6. Be3 Bg7 7. f3 Nc6 8. Qd2 0-0 9. 0-0-0 d5 10. Kb1 Rb8 11. Ndb5 a6 12. Na7 e6 13. g4 Nxa7 14. Bxa7 Ra8 15. Bc5 Re8 16. Bg2 Qc7 17. Bf2 dxe4 18. Nxe4 Nxe4 19. fxe4 b5 20. Bg3 e5 21. h3 Be6 22. Qd6 Qa5 23. a3 Red8 24. Qb4 Qc7 25. Qc3 Qxc3 26. bxc3 a5 27. Bf3 Rdc8 28. Rd3 Bc4 29. Rd7 Be6 30. Rd3 Bf8 31. Kb2 b4 32. axb4 axb4 33. Bxe5 bxc3+ 34. Rxc3 Ra2+ 35. Kc1 Ra1+ 36. Kd2 Rxc3 37. Bxc3 Ra8 38. Bf6 Ra3 39. Be2 Bh6+ 40. g5 Bf8 41. Bd3 Ra8 42. h4 Bc5 43. h5 1-0

[Event "POL-chT U20 2nd League"]
[Site "Szczyrk"]
[Date "2017.07.25"]
[Round "5.12"]
[White "Pisarek, Elzbieta"]
[Black "Zarebska, Lena"]
[Result "1/2-1/2"]
[WhiteElo "1433"]
[BlackElo "1590"]
[PlyCount "68"]
[EventDate "2017.07.22"]
[EventType "team-swiss"]
[EventRounds "11"]
[EventCountry "POL"]
[SourceTitle "EXT 2019"]
[Source "ChessBase"]
[SourceDate "2018.10.10"]
[SourceVersion "1"]
[SourceVersionDate "2018.10.10"]
[SourceQuality "1"]

1. e4 c5 2. Nf3 Nc6 3. Bb5 e6 4. 0-0 Nge7 5. Bxc6 bxc6 6. d4 Ng6 7. Re1 d5 8. c4 Bb7 9. cxd5 cxd5 10. Qa4+ Qd7 11. Qxd7+ Kxd7 12. dxc5 Bxc5 13. exd5 Bxd5 14. Ne5+ Nxe5 15. Rxe5 Bd4 16. Re1 Rhc8 17. Nc3 Rxc3 18. bxc3 Bxc3 19. Be3 Bxe1 20. Rxe1 a6 21. a3 Rb8 22. Bc5 Rb2 23. Bb4 Rc2 24. h3 g6 25. Rb1 Rc6 26. Bf8 Kc8 27. Be7 Kc7 28. Bf8 Ba2 29. Rb2 Rc1+ 30. Kh2 Bd5 31. Be7 Rc6 32. Kg1 Rc1+ 33. Kh2 Rc6 34. Kg1 Rc1+ 1/2-1/2

[Event "POL-chT U20 2nd League"]
[Site "Szczyrk"]
[Date "2017.07.23"]
[Round "2.59"]
[White "Hryn, Aleksandra"]
[Black "Pisarek, Elzbieta"]
[Result "0-1"]
[WhiteElo "1550"]
[BlackElo "1433"]
[PlyCount "164"]
[EventDate "2017.07.22"]
[EventType "team-swiss"]
[EventRounds "11"]
[EventCountry "POL"]
[SourceTitle "EXT 2019"]
[Source "ChessBase"]
[SourceDate "2018.10.10"]
[SourceVersion "1"]
[SourceVersionDate "2018.10.10"]
[SourceQuality "1"]

1. d4 f5 2. g3 Nf6 3. Bg2 g6 4. Nf3 Bg7 5. c4 0-0 6. 0-0 d6 7. Nc3 c6 8. Qc2 Na6 9. a3 Nc7 10. b3 Re8 11. Rd1 Bd7 12. Bb2 Rc8 13. e4 fxe4 14. Nxe4 Nxe4 15. Qxe4 Bf5 16. Qe2 e6 17. Nh4 Bf6 18. Nxf5 exf5 19. Qd2 d5 20. Rac1 Qd7 21. c5 Re7 22. Qd3 Rce8 23. Kf1 Qe6 24. Bf3 Qd7 25. h4 f4 26. Bg2 fxg3 27. Qxg3 Qf5 28. Bf3 Kg7 29. Kg2 Ne6 30. Bg4 Qf4 31. Bxe6 Qxg3+ 32. fxg3 Rxe6 33. Kh3 Re3 34. Rc3 Rxc3 35. Bxc3 Re3 36. Rc1 Rd3 37. b4 Bxd4 38. Bxd4+ Rxd4 39. Rc3 Rc4 40. Re3 Re4 41. Rd3 Kf6 42. Kg2 Ke6 43. Kf3 Kf5 44. Rb3 a6 45. a4 Rc4 46. Ke3 Rg4 47. Kf3 Rc4 48. Ke3 d4+ 49. Kd3 Rc3+ 50. Rxc3 dxc3 51. Kxc3 Kg4 52. b5 axb5 53. axb5 Kxg3 54. bxc6 bxc6 55. Kd4 Kxh4 56. Ke5 g5 57. Kd6 g4 58. Kxc6 g3 59. Kd7 g2 60. c6 g1Q 61. c7 Qg7+ 62. Kd6 Qxc7+ 63. Kxc7 Kg3 64. Kd6 h5 65. Kd5 h4 66. Kd4 h3 67. Ke5 h2 68. Kd4 h1Q 69. Ke5 Qf3 70. Kd4 Qe2 71. Kd5 Qe3 72. Kc4 Qd2 73. Kc5 Qd3 74. Kb4 Qc2 75. Kb5 Qc3 76. Ka4 Qb2 77. Ka5 Kf4 78. Ka6 Ke5 79. Ka5 Kd5 80. Ka6 Kc5 81. Ka7 Kc6 82. Ka8 Qb7# 0-1

[Event "POL Olympiad U14 Girls"]
[Site "Drzonkow"]
[Date "2017.04.07"]
[Round "8"]
[White "Pisarek, Elzbieta"]
[Black "Mirowska, Oliwia"]
[Result "0-1"]
[WhiteElo "1403"]
[BlackElo "1295"]
[PlyCount "102"]
[EventDate "2017.04.02"]
[EventType "swiss"]
[EventRounds "9"]
[EventCountry "POL"]
[SourceTitle "EXT 2020"]
[Source "ChessBase"]
[SourceDate "2019.10.17"]
[SourceVersion "1"]
[SourceVersionDate "2019.10.17"]
[SourceQuality "1"]

1. e4 c5 2. Nf3 e6 3. d4 cxd4 4. Nxd4 a6 5. Bd3 Qc7 6. Qe2 Nc6 7. Nxc6 dxc6 8. 0-0 e5 9. Be3 Nf6 10. h3 g6 11. c4 Bg7 12. c5 0-0 13. Nd2 Be6 14. b4 Rad8 15. a4 Qd7 16. Bc2 Nh5 17. Rad1 Qe7 18. Bb3 Rxd2 19. Qxd2 Bxb3 20. Ra1 Nf4 21. Bxf4 exf4 22. Ra3 Bc4 23. Re1 Qe5 24. Rf3 Bh6 25. Qc2 Bd5 26. Qc3 Re8 27. Qxe5 Rxe5 28. Rd3 Rxe4 29. Rxe4 Bxe4 30. Rd7 Bc2 31. a5 Ba4 32. Rxb7 f3 33. gxf3 Bd2 34. Kg2 Bb5 35. Rxb5 cxb5 36. c6 Bf4 37. h4 Kf8 38. Kh3 h5 39. Kg2 Ke7 40. Kf1 Kd6 41. c7 Kxc7 42. Ke2 Kd6 43. Kd3 Kd5 44. Kc3 Be5+ 45. Kd3 Bf6 46. f4 Bxh4 47. f3 Be1 48. f5 Bxb4 49. fxg6 fxg6 50. f4 Bxa5 51. f5 gxf5 0-1

[Event "POL Olympiad U14 Girls"]
[Site "Drzonkow"]
[Date "2017.04.06"]
[Round "7"]
[White "Pisarek, Elzbieta"]
[Black "Dylag, Emilia"]
[Result "0-1"]
[WhiteElo "1403"]
[BlackElo "1731"]
[PlyCount "94"]
[EventDate "2017.04.02"]
[EventType "swiss"]
[EventRounds "9"]
[EventCountry "POL"]
[SourceTitle "EXT 2020"]
[Source "ChessBase"]
[SourceDate "2019.10.17"]
[SourceVersion "1"]
[SourceVersionDate "2019.10.17"]
[SourceQuality "1"]

1. e4 d5 2. exd5 Qxd5 3. Nc3 Qd6 4. d4 Nf6 5. Nf3 c6 6. Ne5 Nbd7 7. Nc4 Qc7 8. Qf3 Nb6 9. Bf4 Qd8 10. Nxb6 Qxb6 11. 0-0-0 Bg4 12. Qd3 Bxd1 13. Qxd1 0-0-0 14. Be3 e5 15. d5 Qa5 16. Kb1 Nxd5 17. Nxd5 cxd5 18. Bd2 Qc5 19. Qf3 f6 20. a3 Kb8 21. Be2 Bd6 22. Rd1 Rc8 23. Rc1 Rhe8 24. Qe3 Qxe3 25. Bxe3 Bc5 26. Bxc5 Rxc5 27. h3 d4 28. f3 g6 29. Bd3 f5 30. Re1 e4 31. fxe4 Rce5 32. Bc4 Rxe4 33. Rxe4 fxe4 34. Kc1 Kc7 35. Kd2 Kd6 36. b3 Rf8 37. Ke2 Rc8 38. Kd2 Rxc4 39. bxc4 Kc5 40. c3 d3 41. g4 Kxc4 42. h4 e3+ 43. Kxe3 Kxc3 44. h5 gxh5 45. gxh5 d2 46. h6 Kc2 47. a4 d1Q 0-1

[Event "POL-chT U19 2nd League"]
[Site "Iwonicz"]
[Date "2016.07.31"]
[Round "8.30"]
[White "Hertlein, Irena"]
[Black "Pisarek, Elzbieta"]
[Result "1/2-1/2"]
[WhiteElo "1488"]
[BlackElo "1351"]
[PlyCount "67"]
[EventDate "2016.07.23"]
[EventType "team-swiss"]
[EventRounds "11"]
[EventCountry "POL"]
[SourceTitle "EXT 2019"]
[Source "ChessBase"]
[SourceDate "2018.10.10"]
[SourceVersion "1"]
[SourceVersionDate "2018.10.10"]
[SourceQuality "1"]
[WhiteTeam "Tarnowskie Gory Strzybniczanka U19"]
[BlackTeam "Gliwice Politechnika Slaska U19"]
[WhiteTeamCountry "POL"]
[BlackTeamCountry "POL"]

1. d4 Nf6 2. Nf3 e6 3. c4 Bb4+ 4. Bd2 Qe7 5. g3 b6 6. Bg2 Bb7 7. 0-0 0-0 8. Qb3 Bxd2 9. Nbxd2 Nc6 10. Rfe1 d5 11. cxd5 Nxd5 12. e4 Nf6 13. a3 Qd7 14. Qc3 Rfd8 15. Nb3 Rac8 16. Rad1 Ne7 17. Ne5 Qe8 18. Qc2 Nc6 19. Nc4 Qf8 20. Bh3 Rb8 21. Bg2 Rbc8 22. Bh3 Rb8 23. Bg2 Rbc8 24. d5 exd5 25. exd5 Nb8 26. Bh3 Nbd7 27. Ne3 g6 28. Qc3 Qg7 29. Re2 Kf8 30. Qb4+ Kg8 31. Qc3 Kf8 32. Qb4+ Kg8 33. Qc3 Kh8 34. Ree1 1/2-1/2

[Event "POL-chT U19 2nd League"]
[Site "Iwonicz"]
[Date "2016.07.31"]
[Round "1.48"]
[White "Pisarek, Elzbieta"]
[Black "Partyka, Justyna"]
[Result "0-1"]
[WhiteElo "1351"]
[BlackElo "1150"]
[PlyCount "95"]
[EventDate "2016.07.23"]
[EventType "team-swiss"]
[EventRounds "11"]
[EventCountry "POL"]
[SourceTitle "EXT 2019"]
[Source "ChessBase"]
[SourceDate "2018.10.10"]
[SourceVersion "1"]
[SourceVersionDate "2018.10.10"]
[SourceQuality "1"]
[WhiteTeam "Gliwice Politechnika Slaska U19"]
[BlackTeam "Strzelce Krajenskie STMGK U19"]
[WhiteTeamCountry "POL"]
[BlackTeamCountry "POL"]

1. e4 e6 2. d4 d5 3. Nd2 Nf6 4. e5 Nfd7 5. Bd3 Be7 6. Ne2 c5 7. c3 Nc6 8. Nf3 0-0 9. 0-0 b6 10. Re1 Bb7 11. Be3 cxd4 12. cxd4 Rc8 13. a3 Na5 14. b3 Nb8 15. Qb1 h6 16. Qb2 Ba6 17. Bxa6 Nxa6 18. Rac1 b5 19. Rxc8 Qxc8 20. Rc1 Qb7 21. Nf4 Rc8 22. Rd1 b4 23. a4 Rc3 24. Rd3 Qc7 25. Rxc3 bxc3 26. Qb1 Ba3 27. Ne1 Nb4 28. Nc2 Bb2 29. Nxb4 Nxb3 30. Nfd3 Qc4 31. Qc2 Na1 32. Nxb2 Qxb4 33. Qb1 Qxb2 34. Qf1 Nb3 35. h3 c2 36. Kh2 Qb1 37. Qa6 c1Q 38. Bxc1 Qxc1 39. Qxa7 Qf4+ 40. Kg1 Qxd4 41. Qb8+ Kh7 42. Qxb3 Qa1+ 43. Kh2 Qxe5+ 44. Qg3 Qa1 45. Qd3+ g6 46. Qb3 d4 47. Qc4 Qc3 48. Qb5 0-1

[Event "POL-chT U19 2nd League"]
[Site "Iwonicz"]
[Date "2016.07.31"]
[Round "9.12"]
[White "Pisarek, Elzbieta"]
[Black "Tarka, Aleksandra"]
[Result "1-0"]
[WhiteElo "1351"]
[BlackElo "1449"]
[PlyCount "87"]
[EventDate "2016.07.23"]
[EventType "team-swiss"]
[EventRounds "11"]
[EventCountry "POL"]
[SourceTitle "EXT 2019"]
[Source "ChessBase"]
[SourceDate "2018.10.10"]
[SourceVersion "1"]
[SourceVersionDate "2018.10.10"]
[SourceQuality "1"]
[WhiteTeam "Gliwice Politechnika Slaska U19"]
[BlackTeam "Warszawa UKS Czternastka U19"]
[WhiteTeamCountry "POL"]
[BlackTeamCountry "POL"]

1. e4 c5 2. Nf3 d6 3. d4 cxd4 4. Nxd4 Nf6 5. Nc3 g6 6. Be3 Bg7 7. f3 0-0 8. Qd2 Nc6 9. 0-0-0 Nxd4 10. Bxd4 Be6 11. Kb1 Qc7 12. h4 Rfc8 13. a3 Qa5 14. Bd3 Rab8 15. h5 b5 16. hxg6 hxg6 17. Qg5 Bc4 18. Bxc4 Rxc4 19. Nd5 Qd8 20. Bxf6 exf6 21. Qh4 Kf8 22. Rh3 Ke8 23. Rdh1 Kd7 24. Qf2 Qa5 25. Rh7 Rg8 26. Qg3 Qd2 27. Rc1 f5 28. Rhh1 fxe4 29. Rhd1 Qa5 30. fxe4 Be5 31. Qf3 Rf8 32. Nf6+ Ke6 33. Nd5 f5 34. exf5+ Rxf5 35. Qh3 Bd4 36. Nf4+ Kf6 37. Nd3 Qb6 38. Rf1 Rxf1 39. Rxf1+ Kg7 40. Qd7+ Kh6 41. Qe7 Bg1 42. Nf4 Qd4 43. Qh4+ Kg7 44. Ne6+ 1-0